000 01018nam0a22002771 4500
001 rc\4289663
005 20130416123443.5
021 _aRU
_b[64-72013]
035 _a(NLR Aleph) 008495368
090 _a8075232
_c8075232
100 _a20130416d1964 |||y0rusy50 ca
101 1 _arus
_ckbd
102 _aRU
105 _aa z |||a|
200 1 _aНеожиданная встреча
_eРассказы
_e[Для сред. школьного возраста
_fПер. с кабард. М. Эльберда
_gИл.: П.Г. Пономаренко
210 _aНальчик
_cКабард.-Балкар. кн. изд-во
_d1964]
215 _a44 с.
_cил.
_d17
606 _aЖивотные (д. л.)
_2psbo
700 1 _aБраев
_bА. Г.
_gАдельби Галимович
702 1 _aЭльберд
_bМ.
_f1939-
_3RU\NLR\AUTH\7711845
_4070
702 1 _aПономаренко
_bП. Г.
_4440
801 0 _aRU
_bNLR
_gpsbo
801 1 _aRU
_bELAR
_2rusmarc
852 _aNLR
_j64-2/2706
942 _cBOOK
980 _aNB